通商産業政策の諸問題に関する海外想定問答集

Сохранить в:
Библиографические подробности
Соавтор: 通商産業省通商局
Формат:
Язык:Undetermined
Опубликовано: 「東京」 通商産業省通商局 1972
Предметы:
Метки: Добавить метку
Нет меток, Требуется 1-ая метка записи!
Thư viện lưu trữ: Trung tâm Học liệu Trường Đại học Cần Thơ
LEADER 00532nam a2200181Ia 4500
001 CTU_91903
008 210402s9999 xx 000 0 und d
082 |a 380.1 
082 |b T882 
110 |a 通商産業省通商局 
245 0 |a 通商産業政策の諸問題に関する海外想定問答集 
245 0 |c 通商産業省通商局 
260 |a 「東京」 
260 |b 通商産業省通商局 
260 |c 1972 
650 |a Commerce,Japan 
904 |i Ngoc 
980 |a Trung tâm Học liệu Trường Đại học Cần Thơ